01828nam a2200229Ia 4500001001300000003001000013008004100023040002500064041000700089100003400096245005700130250001100187260010300198300001200301500103700313650001501350700003201365942000701397957000601404999003301410952015501443b7172-53275 IT-MiCISF161014s9999||||xx |||||||||||||| ||und|| aIT-MiCISFcIT-MiCISF ait aDiriart Alexandra (a cura di) 0aFides FoedusbLa fede e il sacramento del matrimonio a1a ed. a Siena; Pontificio Istituto Giovanni Paolo II per Studi su Matrimonio e FamigliabCantagallic2014 app. 264 aGranados J., Bozzolo A., Dorronsoro R.D., D'Auria A., Garrigues J.M., Reig Pla J.A. / matrimonio-sacramento, fede, teologia / Che validità ha un matrimonio celebrato senza fede? Il presente volume intende indagare, attraverso un insieme di contributi multidisciplinari, il tema del rapporto tra fides e foedus, tra fede e il sacramento del matrimonio. Così si era espresso sul tema Papa Benedetto XVI in un discorso del 2005 al Clero di Aosta: «Direi particolarmente dolorosa è la situazione di quanti erano sposati in Chiesa, ma non erano veramente credenti e lo hanno fatto per tradizione, e poi trovandosi in un nuovo matrimonio non valido si convertono, trovano la fede e si sentono esclusi dal Sacramento. Ho capito che il problema è molto difficile e deve essere ancora approfondito. Ma data la situazione di sofferenza di queste persone, è da approfondire». Alla fine del volume è anche presentata una bibliografia ragionata, che raccoglie quanto vi è di più facilmente accessibile, ad oggi, sull'argomento. amatrimonio aSalucci Stefano (a cura di) cBK 71 a53275bsig1c209797d209797 0010406B_71725327571aCISFbCISFd2016-10-14l0ob7172-53275 r2016-10-14 00:00:00w2016-10-14yBKzData import 15.10.2016 / by Epidotti, Vaglietti